| 000 | 00468 a2200181 4500 | ||
|---|---|---|---|
| 005 | 20260129102229.0 | ||
| 008 | 260128b |||||||| |||| 00| 0 eng d | ||
| 020 |
_a9789358775648 _cRs. 500.00 |
||
| 040 | _aMAIN | ||
| 082 |
_a796.077 _bD536S |
||
| 100 | _aDhankhar, Ajay | ||
| 245 | _aSports training concepts | ||
| 260 |
_bKhel Sahitya Kendra _c2024 _aNew Delhi |
||
| 300 | _a229 | ||
| 650 | _aPhysical Education | ||
| 650 | _aSports Training | ||
| 942 | _cBK | ||
| 999 |
_c393775 _d393775 |
||